¿Es todavía posible la fe? / (Record no. 116745)

MARC details
000 -LEADER
campo de control de longitud fija 00607nam a2200205 4500
001 - NÚMERO DE CONTROL
campo de control 116745
003 - IDENTIFICADOR DE NÚMERO DE CONTROL
campo de control ES-MaACL
005 - FECHA Y HORA DE LA ÚLTIMA TRANSACCIÓN
campo de control 20230906190748.0
007 - CAMPO FIJO DE DESCRIPCIÓN FÍSICA--INFORMACIÓN GENERAL
campo de control de longitud fija t|
008 - DATOS DE LONGITUD FIJA--INFORMACIÓN GENERAL
campo de control de longitud fija 061121s1967 sp r ||||1| spa d
100 1# - ENTRADA PRINCIPAL--NOMBRE DE PERSONA
Nombre de persona Paupert, Jean-Marie.
9 (RLIN) 89667
245 11 - MENCIÓN DEL TÍTULO
Título ¿Es todavía posible la fe? /
Mención de responsabilidad, etc. Jean-Marie Paupert ; traducción de Pere Darnell.
250 ## - MENCION DE EDICION
Mención de edición 1ª ed.
260 ## - PUBLICACIÓN, DISTRIBUCIÓN, ETC.
Lugar de publicación, distribución, etc. Madrid :
Nombre del editor, distribuidor, etc. Peninsula,
Fecha de publicación, distribución, etc. 1967.
300 ## - DESCRIPCIÓN FÍSICA
Extensión 239 p. ;
Dimensiones 20 cm.
490 1# - MENCIÓN DE SERIE
Mención de serie Compromiso cristiano ;
Designación de volumen o secuencia 13
830 0# - PUNTO DE ACCESO ADICIONAL DE SERIE-TÍTULO UNIFORME
Título uniforme Compromiso cristiano ;
Designación de volumen o secuencia 13
9 (RLIN) 186378
852 ## - LOCALIZACIÓN
Ubicación ES-MaACL
Número de control de estantería C-32165
Sublocalización o colección R.62880
Holdings
Estatus retirado Estado de pérdida Estado de daño No para préstamo Biblioteca de origen Biblioteca actual Ubicación en estantería Fecha de adquisición Fuente de adquisición Total de préstamos Signatura topográfica completa Código de barras Visto por última vez Precio de reemplazo Tipo de ítem Koha
        Biblioteca del Ateneo de Madrid Biblioteca del Ateneo de Madrid Depósito 2 17/01/2008     C-32165 1121731 23/02/2023 23/02/2023 Libro impreso